01884nam a22002657a 4500999001700000003000900017008004100026040007100067082002500138245007200163260003300235300002800268440006300296505088500359650002301244650003401267650003701301700004401338700004101382700004101423700003201464942001201496945000801508952010201516 c22033d22033AR-CdUCM190425b ||||| |||| 00| 0 spa d aMUNICIPALIDAD PROVINCIAL DEL CUSCOcBIBLIOTECA MUNICIPAL DEL CUSCO aTupacAmaru/N°5/1965 aRevista Tupac Amaru :bÓrgano eventual de la provincia de Canas / aCusco :bH. G. Rozas,c1965. a66 páginas. :c28 cm. aRevista Tupac Amaru.nAño IV, Vol. IV, N°5, 1965947207 aContenido: Presencia de Canas. Octavio Linares. -- Canas escenario de la revolución de 1780. Juan de la Cruz Salas Sánchez. -- Programa de salud de la posta médica de Yanaoca para el año de 1965. Agustín Vela Córdova. -- El crédito agrario. Pedro Valcárcel Gamarra. -- Tupac Amaru y la creación de la audiencia del Cuzco. Alcides E. estrada. -- Historia de la reforma agraria. Alfredo Urrutia Lezama. -- Doña Micaela Bastidas Phuyuqhawa es otro simbolo excelso de la mujer andina. Juan de la Cruz Salas. -- La mujer caneña en la revolución emancipadora de América. Felicia Montufar de Medrano. -- 184 aniversario de la muerte de Tupac Amaru II. Teófilo Uscamayta. -- Nace un colegio para la altiva provincia de Canas. Toribio Cornejo Herrera. -- Nuestro homenaje día del Cusco. Germán Linares Gutiérrez. -- Poesía, arte. Justo Béjar Navarro. aTúpac Amaru9623 aLevantamientos andinos944095 aRebeliones anticoloniales947208 aSalas Sánchez, Juan de la Cruz911208 aMontufar de Medrano, Felicia947209 aLinares Gutiérrez, Germán947210 aUscamayta, Teófilo947211 2ddccPP arac 002ddc4070aHEMbHEMcCARTd2022-02-14g10.00oTupacAmaru/N°5/1965pREVC000561r2022-02-14yPP